000 00534nam a2200193Ia 4500
008 131103s9999 xx 000 0 und d
020 _cP. B.G. 25
040 _aLoreto College
041 _aEnglish
082 _a822.33/SHA
_b#NAME?
100 _aWilson, J Dover
245 4 _aThe Fortunes of Falstaff
_cJ Dover Wilson
260 _aCambridge
_buniversity Press
_c1964
300 _a143p.
_c 18cm.
650 _aShakespeare, William - drama
651 _aEnglish literature
850 _aLCLIb/822.33/SHA - WIL
942 _cBK
999 _c21668
_d72147